| 000 | 01007nam a2200217Ia 4500 | ||
|---|---|---|---|
| 003 | GCL | ||
| 008 | 140319s9999 xx 000 0 ara d | ||
| 040 |
_aGCL / _cGCL |
||
| 082 | 0 | 4 |
_aق _b962.031 _bج م |
| 100 | 1 | _aمحمد مسعود | |
| 245 | 1 | 0 |
_aمصر فى القرن التاسع عشر : _bسيرة جامعة لحوادث ساكنى الجنان محمد على باشا و ابراهيم باشا و المغفور له سليمان باشا الفرنساوى من الوجوه الحربية والسياسية و القصصية / _cمحمد مسعود |
| 700 | 1 | _aجوان، ادوار | |
| 250 | _aالاولى | ||
| 260 |
_aالقاهرة : _bدار الكتب ، _c1921 |
||
| 300 |
_a831 ص ؛ _c24 سم |
||
| 490 | _a | ||
| 650 | 0 | 4 | _aابراهيم باشا |
| 650 | 0 | 4 | _aمصر - تاريخ - العصر الحديث - عصر محمد على ( 1805- 1849 م ) |
| 650 | 0 | 4 | _aمصر - تاريخ - العصر الحديث - ابراهيم باشا ( 1848-1848 ) |
| 942 |
_2ddc _cBK |
||
| 999 |
_c58760 _d58760 |
||